Ombre et le temps (L')-Essais sur la photographie comme art (Record n. 92602)

Dettagli MARC
000 -LEADER
fixed length control field 01772nam a2200289Ia 4500
001 - CONTROL NUMBER
control field B6852
003 - CONTROL NUMBER IDENTIFIER
control field IT-RoPAU
008 - FIXED-LENGTH DATA ELEMENTS--GENERAL INFORMATION
fixed length control field 130308s9999 xx 000 0 und d
040 ## - CATALOGING SOURCE
Original cataloging agency IT-RoPAU
040 ## - CATALOGING SOURCE
Transcribing agency IT-RoPAU
041 ## - LANGUAGE CODE
Language code of text/sound track or separate title FRANCESE
100 ## - MAIN ENTRY--PERSONAL NAME
Personal name Lemagny Jean-Claude
100 ## - MAIN ENTRY--PERSONAL NAME
Miscellaneous information Codice Aut. SPICS: 14961
245 ## - TITLE STATEMENT
Title Ombre et le temps (L')-Essais sur la photographie comme art
245 ## - TITLE STATEMENT
Remainder of title Ombre et le Temps (L')-Essais Sur la photographie Comme Art
250 ## - EDITION STATEMENT
Edition statement 1a ed.
260 ## - PUBLICATION, DISTRIBUTION, ETC. (IMPRINT)
Place of publication, distribution, etc. PARIS
260 ## - PUBLICATION, DISTRIBUTION, ETC. (IMPRINT)
Name of publisher, distributor, etc. Nathan
260 ## - PUBLICATION, DISTRIBUTION, ETC. (IMPRINT)
Date of publication, distribution, etc. 1992 [1° Ed.:1992 - Ed.Ling.Originale:1992]
300 ## - PHYSICAL DESCRIPTION
Extent "384 p. (prefazione: no ; testo: 384 [pagine: 0-0])"
500 ## - GENERAL NOTE
General note Ombra e Tempo: Saggi Sulla fotografia Come Arte. Prefazione di Gilles Mora. Teoria: Pittura e Fotografia, Continuità e Discontinuità nell'Atto Fotografico, Capolavoro e Fotografia, fotografia e Stile, fotografia e Arte Concettuale. Metodi: cerchio D'Immagini, Collezionare le Fotografie, scelta delle Fotografie, Incisione e Fotografia, Originale Fotografico, Esposizione Fotografica, Galleria, collezione e museo Immaginario. Temi: Creatività nella fotografia Architettonica, Spazio e Fotografia, Teatro delle Realtà, Ritratto, Fotobiografia, colore in Fotografia, Natura Morta. Storia: Storicodavanti Alla Fotografia, Sguardo al Catalogo, Periodo Contemporaneo in Francia, Disegni di Henri Cartier Bresson, Ralph Gibson, Andre' Kertesz, Maturità della Fotografia. Situazione della Fotografia. fotografia Arte Plastica?. Materia, Ombra e Fiction. Due sorgenti della Libertà Fotografica. materia Luce e Fotografia. indice dei Fotografi, Incisori e pittori Citati.
650 ## - SUBJECT ADDED ENTRY--TOPICAL TERM
Topical term or geographic name as entry element TEORICHE FOTOGRAFICHE
650 ## - SUBJECT ADDED ENTRY--TOPICAL TERM
Relator term Codice materia Spics: 6755
942 ## - ADDED ENTRY ELEMENTS (KOHA)
Koha item type LIBRO
957 ## -
-- 1
999 ## - SYSTEM CONTROL NUMBERS (KOHA)
-- 1
Dati di copia
Withdrawn status Lost status Damaged status Not for loan Home library Current library Date acquired Total Checkouts Full call number Date last seen Price effective from Koha item type Public note
    Buone Condizioni Not For Loan SPICS-MEDIATECA SPICS-MEDIATECA 08/03/2013   B6852 08/03/2013 08/03/2013 LIBRO Progressivo inserimento: 31189 / N. Volumi: 1 Copie: 1 / data import: 1 marzo 2013 - By Epidotti, Trombetti, Vaglietti.
CREDITS: SOCIETA' SAN PAOLO Via A.Severo, 58 - ROMA (RM) & PERIODICI SAN PAOLO SRL Via Giotto, 36 MILANO & CISF Via Giotto, 36 MILANO & EDIZIONI SAN PAOLO SRL,  Piazza Soncino, 5 CINISELLO BALSAMO (MI) -- ITALY